Bí quyết thành công từ chứng khoán Việt Nam : Kinh nghiệm thực tế; Kỹ năng phân tích; Làm chủ tình thế; Hướng dẫn dùng Metastock

Gespeichert in:
Bibliographische Detailangaben
1. Verfasser: Thanh Tùng
Format: Buch
Sprache:Undetermined
Veröffentlicht: Hà Nội Lao động - Xã hội 2007
Schlagworte:
Tags: Tag hinzufügen
Keine Tags, Fügen Sie den ersten Tag hinzu!
Thư viện lưu trữ: Trung tâm Học liệu Trường Đại học Cần Thơ
LEADER 00768nam a2200205Ia 4500
001 CTU_123708
008 210402s9999 xx 000 0 und d
020 |c 35000 
082 |a 332.642 
082 |b B300 
100 |a Thanh Tùng 
245 0 |a Bí quyết thành công từ chứng khoán Việt Nam : 
245 0 |b Kinh nghiệm thực tế; Kỹ năng phân tích; Làm chủ tình thế; Hướng dẫn dùng Metastock 
245 0 |c Thanh Tùng (Biên soạn) 
260 |a Hà Nội 
260 |b Lao động - Xã hội 
260 |c 2007 
650 |a Stock exchanges,Bank marketing,Stock market,Thị trường chứng khoán 
904 |i Giang 
980 |a Trung tâm Học liệu Trường Đại học Cần Thơ